000 01010nas a2200325 4500
001 BR2011004176
003 BR-BrBNA
005 20231205120444.0
007 ta
008 230509b bl.|||p| |||| 00| 00por d
040 _aBR-BrBNA
_bpor
_cBiblioteca Nacional de Agricultura
041 _a(Pt)
072 _aQ04; F04
100 1 _aLima, M.V.
100 1 _aVieira, H.D.
100 1 _aDeminicis, B.B.
100 1 _aMartins, M.L.L.
100 1 _aPereira, S. de M. de F.
245 1 _aCaracterísticas físico-químicas e sensoriais do café despolpado submetido a diferentes procedimentos de manejo durante a degomagem
650 _aCAFÉ
650 _aFERTILIZAÇÃO
650 _aNITROGÊNIO
650 _aANÁLISE QUIMICA
650 _aDESPOLPAMENTO
650 _aMANEJO
773 0 _tMagistra (Brazil)
_xISSN 2236-4420
_g(Jan-Jun 2011), v. 23(1-2) p. 17-24
_wBR2011004176
856 4 0 _dLink DSPACE/MAPA BR2011004176
909 _a202311
_bLúcia
_c55
_dLúcia Elande
942 _2AGRIS
_n0
_cANA
999 _c218594
_d218594